000 01009nam a2200313 a 4500
008
020 _a1856494306 (pbk.)
049 _aMAIN
090 _aGE40 WRI
245 0 0 _aWriting the environment :
_becocriticism and literature /
_cedited by Richard Kerridge and Neil Sammells.
260 _aLondon ;
_aNew York :
_bZed Books,
_c1998.
300 _ax, 246 p. ;
_c22 cm.
504 _aIncludes bibliographical references.
500 _aIncludes Index.
650 0 _aNature in literature.
650 0 _aEnvironmental protection in literature.
650 0 _aEnvironmental literature
_xHistory and criticism.
650 0 _aEcocriticism.
650 4 _aPopular culture.
650 4 _aEcology in literature.
650 4 _aPopular culture in literature.
700 1 _aKerridge, Richard.
700 1 _aSammells, Neil.
907 _a.b10009012
_b12-01-07
_c17-04-03
003
005 20230123133120.0
040 _cNUST
942 _cBOOKS
_kGE40 WRI
999 _c142987
_d142987